• 首页
  • 本馆介绍
  • 公告通知
  • 最新文献
  • 馆藏检索
  • 电子资源
  • 读者导购
  • 参考咨询
  • 我的图书馆
  • 登录
  • 详细信息显示
  • 放入我的书架
  • 预约/预借图书
  • 作者相关作品
  • 分类相关作品
  • 丛书相关作品
  • 出版社相关作品

书目信息

  • 表格格式
  • 工作单格式
  • 卡片格式
题名:
民间文艺学文丛
    
 
作者: 钟敬文 主编
分册:  
出版信息: 北京   北京师范大学出版社  1982
页数: 366页
开本: 21cm
丛书名:
单 册:
中图分类: I057
科图分类:
主题词: 民间文学--文集
电子资源:
ISBN:
000 00612nam0 2200229 45
001 0182004616
005 20070727171303.43
010    @dCNY1.50
091    @aCN@b10243.10
100    @a19950628d1982 em y0chiy0121 ea
101 0  @achi
102    @aCN@b110000
105    @ay z 000yy
200 10 @a民间文艺学文丛@Amin jian wen yi xue wen cong@f钟敬文主编
210    @a北京@c北京师范大学出版社@d1982
215    @a366页@d21cm
606    @a民间文学@x文集
690    @aI057@v3
701  0 @a钟敬文@Azhong jing wen@4主编
801  2 @aCN@bNLC@c20070727
801  0 @aCN@bTSSF@c20060820
905    @a10447@dI057@e146
    
    民间文艺学文丛/钟敬文主编.-北京:北京师范大学出版社,1982
    366页;21cm
    
    
    ISBN :CNY1.50
    
●
相关链接 在E读中查询图书 在五车中查询图书 在当当中查询图书 在豆瓣中查询图书


正题名:民间文艺学文丛     索取号:I057/146         预约/预借

序号 登录号 条形码 馆藏地/架位号 状态 备注
1 0457400   204574004   密集书库/ [索取号:I057/146] 在馆    
2 0457401   204574013   密集书库/ [索取号:I057/146] 在馆    
3 0470213   204702134   密集书库/ [索取号:I057/146] 在馆    
4 0786671   207866718   密集书库/ [索取号:I057/146] 在馆    
唐山师范学院图书馆 欢迎您!
大连网信软件有限公司© 版权所有